Mathematisk Tidsskrift

محفوظ في:

التنسيق: دورية

اللغة: Undetermined

منشور في: JSTOR
Mathematica Scandinavica

الموضوعات:

الوصول للمادة أونلاين: Login to view Source

الوسوم: إضافة وسم

لا توجد وسوم, كن أول من يضع وسما على هذه التسجيلة!

رقم الطلب:

LEADER 00500nas a2200169Ia 4500
008 220214c99999999xx |||||||||||| ||und||
022 |a 0909-251X 
022 |a 2446-3566 
245 0 0 |a Mathematisk Tidsskrift 
264 1 |b JSTOR 
264 1 |b Mathematica Scandinavica 
362 0 |a (1859)-(1864) 
653 1 0 |a Science & Mathematics 
856 4 0 |u https://www.jstor.org/journal/mathtids 
942 |c JL 
952 |0 0  |1 0  |4 0  |7 1  |9 36156  |a JSR  |b JSR  |d 2022-02-14  |l 0  |r 2022-02-14 00:00:00  |w 2022-02-14  |y JL 
999 |c 44489  |d 44489